| 000 | 00996nam a22003017a 4500 | ||
|---|---|---|---|
| 001 | 4984 | ||
| 003 | FISKH | ||
| 005 | 20241119091951.0 | ||
| 008 | 241030b cb ||||| |||| 00| 0 eng d | ||
| 020 | _a9780590162845 | ||
| 040 |
_aFISKH _beng _cFISKH _dFISKH |
||
| 050 | _aPZ7.R982 | ||
| 082 | _a813.54 | ||
| 100 |
_aRylant, Cynthia _d(1954-) |
||
| 245 |
_aThe first book / _cThe First Book of Their Adventures Story by Cynthia Rylant Pictures by Sucie Stevenson |
||
| 250 | _aFirst printing in 2003. | ||
| 260 |
_aNew York : _bScholastic, _c2003. |
||
| 300 |
_a40 pages : _bColor illustrations ; _c22 cm |
||
| 505 | _aJ | ||
| 520 | _aHenry, feeling lonely on a street without any other children, finds companionship and love in a big dog named Mudge. | ||
| 521 | 8 |
_a460L
_bLexile |
|
| 521 | 8 |
_aJ
_bRaz-Plus |
|
| 650 |
_2Fiction _aFriendship _vPets |
||
| 650 |
_2Henry and Mudge _aEasy reader |
||
| 700 |
_aStevenson, Sucie _dIllustrator |
||
| 942 |
_2ddc _cBK _n0 |
||
| 999 |
_c4984 _d4984 |
||